Steven Universe - Something Entirely New - Lyrics Quiz - Statistics

General Stats
  • This quiz has been taken 26 times
  • The average score is 98 of 110
Answer Stats
Character Lyrics % Correct
And
100%
do?
100%
Entirely
100%
Hmm
100%
hmm
100%
hmm...
100%
Both Hmmm
100%
hmmm
100%
hmmmm...
100%
I
100%
me
100%
me?
100%
new
100%
Ruby Oh...
100%
Sapphire So...
100%
so
100%
something
100%
What
100%
you
100%
you?
100%
have
91%
it
91%
made
91%
Sapphire No,
91%
no,
91%
um
91%
we
91%
When
91%
be
82%
can't
82%
did
82%
Did
82%
different?
82%
ever?
82%
go?
82%
here
82%
Ruby I'm
82%
just
82%
not
82%
someone
82%
think
82%
was
82%
wasn't
82%
Both Where
82%
would
82%
before?
73%
course
73%
now
73%
Sapphire Of
73%
quite
73%
say
73%
sorry
73%
stop
73%
thinking
73%
together.
73%
too
73%
We're
73%
you're
73%
about
64%
don't
64%
forever!
64%
Well
64%
hadn't
45%
No matching quizzes found
Score Distribution
Percent of People with Each Score
Percentile by Number Answered
Your Score History
You have not taken this quiz